000 00808nmm a2200277 a 4500
003 AR-BaBNM
005 20251128211216.0
008 063020s1997 ||||||||||||||000 | spa||
020 _a950-16-3079-X
040 _cAR-BaBNM
245 1 0 _aLa copia y la coima
_bcómo cambiar un estilo
260 _aBuenos Aires
_bPoder Ciudadano
_c1997
_bTroquel
300 _a126 p.
_bil., tablas, diagr.
650 4 _aEDUCACION MORAL
650 4 _aVALORES MORALES
650 4 _aTECNICAS DE ENSEÑANZA
650 4 _aCIUDADANIA
650 4 _aPROYECTOS EDUCACIONALES
653 _aTEMAS TRANSVERSALES
653 _aFORMACION ETICA Y CIUDADANA
653 _aEDUCACION GENERAL BASICA
700 1 _aBaragli, Néstor
_ecoordinador
700 1 _aMoreno Ocampo, Luis
_eprologuista
942 _cBK
998 _cMariana
999 _c18723
_d18723